01352nab a2200265 4500003001000000005001700010008004100027040001400068041000800082100005000090245012100140260003500261300001300296500041600309650002600725650001500751650001100766650002700777650001600804650002600820650002400846700005900870700006400929773009300993AR-RoBPED20260504101257.0260504b |||||||| |||| 00| 0 spa d aAR-RoBPED aspa1 aBanchero, María IsabeleProfesora en Lengua1 aDiseñar propuestas didácticas a partir de salidas educativas. bSan Carlos, un lugar para alojar las emociones / aBuenos Aires :bNoveduc,c2023 a58-61 p. aEn este texto se narra una experiencia enmarcada en un proyecto interdisciplinario que se desarrolló con estudiantes de segundo año del Profesorado de Educación Primaria de la Escuela Normal N° 15" D.F Sarmiento", de la ciudad de Concordia, en la provincia de Entre Ríos. Las unidades curriculares implicadas fueron Lengua, Literatura y su Didáctica II, TIC y la UDI de "Historia y Patrimonio Local". 0aPROPUESTA DIDÁCTICA 7aLITERATURA 7aLENGUA 7aDISEÑOS CURRICULARES 7aESTUDIANTES 7aFORMACION DE DOCENTES 7aDISEÑO CURRICULAR1 aImoberdoff, Ana C.eLicenciada y profesora en Sistemas1 aRivero, Héctor F.eProfesor Superior de Ciencias Sociales0 020414dBuenos Aires : Noveduc, 1993-tNovedades Educativasw(AR-RoBPED)20414x03283534